Villes et pays n°4 - Statistiques

Statistiques générales
  • Ce quiz a été pris 153 fois
  • Le résultat moyen est 11 sur 15
Statistiques - réponses
Villes Pays % Correct
Cayenne France (Guyane fr.)
96%
Stalingrad Russie
94%
Hiroshima Japon
93%
Fes Maroc
89%
TIRANA Albanie
88%
Alep Syrie
83%
Perth Australie
80%
Sacramento États-Unis
80%
Olympia (Europe) Grèce
80%
Kobe Japon
75%
Anchorage États-Unis
65%
Peshawar Pakistan
59%
Laval Canada
58%
MBABANE Swaziland
47%
Kano Nigéria
33%
Aucun quiz correspondant
Distribution des résultats
% des personnes avec chaque résultat
Percentile par nombre de réponses
Votre historique - résultats
Vous n’avez pas pris ce quiz